000 00463nam a22001937a 4500
005 20230609135025.0
008 230605b |||||||| |||| 00| 0 eng d
020 _a9788122417739
082 _a621.31
_bWAD-E
100 _aWadhwa.C.L
245 _aElectrical Power Systems
250 _a4th ed.
260 _aIndia
_c2006
_bNew Age International
300 _a887
500 _aIndex given
650 _aEngineering
700 _aC.L.Wadhwa
999 _c18590
_d18590